LIBRARY & INFORMATION CENTRE, KCAET, TAVANUR

ONLINE PUBLIC ACCESS CATALOGUE (OPAC)

Egypt: From Alexander the great to the Arab conquest / (Record no. 11379)

MARC details
000 -LEADER
fixed length control field 00401cam a2200145ua 4500
041 ## - LANGUAGE CODE
Language code of text/sound track or separate title eng
082 ## - DEWEY DECIMAL CLASSIFICATION NUMBER
Classification number 962.01
Item number BEL/EG
100 ## - MAIN ENTRY--AUTHOR NAME
Personal name Bell, Idris H .
245 ## - TITLE STATEMENT
Title Egypt: From Alexander the great to the Arab conquest /
260 ## - PUBLICATION, DISTRIBUTION, ETC. (IMPRINT)
Place of publication London :
Name of publisher Oxford at the Clarendon Press ,
Year of publication 1956.
300 ## - PHYSICAL DESCRIPTION
Number of Pages 168 ; .
942 ## - ADDED ENTRY ELEMENTS (KOHA)
Koha item type Books
Holdings
Withdrawn status Lost status Damaged status Home library Current library Date acquired Full call number Accession Number Koha item type Public note
Withdrawn     KAUAET Sanskrit University 07/04/2012 962.01 6138 Books Transferred to Sanskrit University
free website counter